Tisztelet József Attilának [vers] /

Elmentve itt :
Bibliográfiai részletek
Szerző: Wilkinson John W.
További közreműködők: Kabdebó Tamás
Móser Zoltán
Dokumentumtípus: Cikk
Megjelent: 2005
Sorozat:Tiszatáj 59 No. 7
Kulcsszavak:Amerikai irodalom - vers
Online Access:http://tiszataj.bibl.u-szeged.hu/19131
LEADER 00654nab a2200205 i 4500
001 tisza19131
005 20200331085628.0
008 170314s2005 hu o 0|| hun d
022 |a 0133-1167 
040 |a SZTE Tiszatáj Archívum  |b hun 
041 |a hun 
100 1 |a Wilkinson John W. 
245 1 0 |a Tisztelet József Attilának   |h [elektronikus dokumentum] :  |b [vers] /  |c  Wilkinson John W. 
260 |c 2005 
300 |a 24-28 
490 0 |a Tiszatáj  |v 59 No. 7 
695 |a Amerikai irodalom - vers 
700 0 1 |a Kabdebó Tamás 
700 0 1 |a Móser Zoltán 
856 4 0 |u http://tiszataj.bibl.u-szeged.hu/19131/1/tiszataj_2005_007_024-028.pdf  |z Dokumentum-elérés